000
00230nam a2200097Ia 4500
001
917430
005
20250826185913.0
008
250824s9999 xx 000 0 und d
245
0
_a
SEDAT
_c
SEDAT IŞILCA
260
_b
İNDİGO YAYINLARI
999
_c
917430
_d
917430